[Event "26th Sigeman & Co 2021"]
[Site "Malmo SWE"]
[Date "2021.09.23"]
[Round "1.1"]
[White "Short, Nigel D"]
[Black "Bacrot, Etienne"]
[Result "1-0"]
[WhiteTitle "GM"]
[BlackTitle "GM"]
[WhiteElo "2626"]
[BlackElo "2658"]
[WhiteFideId "400025"]
[BlackFideId "605506"]
[EventDate "2021.09.23"]

1. e4 c5 2. Nf3 d6 3. d4 cxd4 4. Nxd4 Nf6 5. Nc3 Nc6 6. f3 e5 7. Nb3 Be6 8. Nd5
Be7 9. Be3 O-O 10. c4 a5 11. Bb6 Qd7 12. a4 Rfc8 13. Be2 Bd8 14. Bf2 Nb4 15.
Nxb4 axb4 16. Nd2 Qc6 17. b3 Bb6 18. Nf1 Nd7 19. Bd3 Bc5 20. Ne3 Bd4 21. Ra2 Qc5
22. Re2 b5 23. axb5 Bc3+ 24. Kf1 Ra1 25. Bb1 Qd4 26. Qc2 Nc5 27. g4 Nxb3 28. Kg2
Nc5 29. Nd5 Qxc4 30. Ne7+ Kf8 31. Nxc8 Bxc8 32. Ba2 Qxb5 33. Rxa1 Bxa1 34. Bc4
Qb6 35. Bxc5 dxc5 36. Qa2 Bd4 37. Qa8 Qb7 38. Ra2 Ke8 39. Bxf7+ Kxf7 40. Ra7 Qd7
41. Qd5+ Ke7 42. Rxd7+ Bxd7 43. Qg8 Kd6 44. g5 Be6 45. Qxg7 b3 46. Qxh7 b2 47.
Qb7 Bf7 48. f4 exf4 49. Kf3 Bc4 50. g6 Bd3 51. g7 Bc4 52. Qb6+ Kd7 53. Kxf4 Bxg7
54. e5 Bh6+ 55. Kg3 Bc1 56. Qd6+ Kc8 57. Qxc5+ Kb7 58. Qb4+ Ka7 59. h4 Be6 60.
h5 Ka6 61. h6 Bf5 62. h7 1-0

[Event "26th Sigeman & Co 2021"]
[Site "Malmo SWE"]
[Date "2021.09.23"]
[Round "1.2"]
[White "Grandelius, Nils"]
[Black "Nihal, Sarin"]
[Result "1-0"]
[WhiteTitle "GM"]
[BlackTitle "GM"]
[WhiteElo "2666"]
[BlackElo "2652"]
[WhiteFideId "1710400"]
[BlackFideId "25092340"]
[EventDate "2021.09.23"]

1. e4 e5 2. Nf3 Nc6 3. Bb5 g6 4. c3 a6 5. Ba4 Bg7 6. d4 exd4 7. cxd4 b5 8. Bc2
d5 9. Bg5 Nge7 10. Nc3 h6 11. Bxe7 Nxe7 12. e5 O-O 13. O-O Bg4 14. h3 Bxf3 15.
Qxf3 c5 16. dxc5 Qc7 17. Rfe1 Qxc5 18. Bb3 d4 19. Nd5 Nxd5 20. Rac1 Qb4 21. Qxd5
Kh8 22. Qe4 Rae8 23. f4 Re7 24. Red1 Rd8 25. Rd3 Qa5 26. h4 Rc7 27. Rcd1 Qb6 28.
h5 gxh5 29. Kh1 Qg6 30. Qxg6 fxg6 31. Rxd4 Rxd4 32. Rxd4 Bf8 33. Rd8 Kg7 34. Ra8
h4 35. Kh2 Bc5 36. Kh3 Bd4 37. Rxa6 g5 38. f5 Bxe5 39. Rg6+ Kh7 40. Kg4 Bg7 41.
Ra6 h3 42. gxh3 Rd7 43. f6 Rd4+ 44. Kf5 1-0

[Event "26th Sigeman & Co 2021"]
[Site "Malmo SWE"]
[Date "2021.09.23"]
[Round "1.3"]
[White "Van Foreest, Jorden"]
[Black "Keymer, Vincent"]
[Result "1-0"]
[WhiteTitle "GM"]
[BlackTitle "GM"]
[WhiteElo "2691"]
[BlackElo "2607"]
[WhiteFideId "1039784"]
[BlackFideId "12940690"]
[EventDate "2021.09.23"]

1. e4 c6 2. d4 d5 3. exd5 cxd5 4. c4 Nf6 5. Nc3 Nc6 6. Nf3 Bg4 7. Be3 e6 8. c5
a6 9. a3 g6 10. Qb3 Bxf3 11. Qxb7 Na5 12. Qb4 Bh5 13. Qa4+ Nd7 14. c6 Nxc6 15.
Qxc6 Bg7 16. Bxa6 O-O 17. O-O Qb8 18. h3 g5 19. Rfc1 Nb6 20. Bd3 Rc8 21. Qb5 Nc4
22. Bxc4 Rxc4 23. b3 Qxb5 24. Nxb5 Rxc1+ 25. Rxc1 Be2 26. Nc3 Bd3 27. Na4 Bb5
28. Nb6 Rxa3 29. Rc8+ Bf8 30. Bxg5 Kg7 31. Bf4 f6 32. Bh6+ Kxh6 33. Rxf8 Kg6 34.
Rg8+ Kf7 35. Rb8 Rxb3 36. Rb7+ Kg6 37. Nd7 h5 38. Nf8+ Kf5 39. Rh7 Be2 40. f3 e5
41. Rxh5+ Kf4 42. Kf2 Bxf3 43. Ne6+ Ke4 44. Nc5+ 1-0

[Event "26th Sigeman & Co 2021"]
[Site "Malmo SWE"]
[Date "2021.09.23"]
[Round "1.4"]
[White "Bjerre, Jonas Buhl"]
[Black "Jones, Gawain C B"]
[Result "0-1"]
[WhiteTitle "GM"]
[BlackTitle "GM"]
[WhiteElo "2550"]
[BlackElo "2684"]
[WhiteFideId "1444948"]
[BlackFideId "409561"]
[EventDate "2021.09.23"]

1. d4 Nf6 2. c4 g6 3. Nc3 Bg7 4. e4 d6 5. Nf3 O-O 6. Be2 e5 7. O-O Nc6 8. d5 Ne7
9. Bg5 Ne8 10. Nd2 f5 11. exf5 gxf5 12. f4 e4 13. Nb3 c5 14. dxc6 bxc6 15. c5
Kh8 16. cxd6 Nxd6 17. Kh1 Be6 18. Nd4 Qd7 19. Qa4 Bg8 20. Rad1 Rac8 21. Qa3 Nd5
22. Na4 Nb5 23. Nxb5 cxb5 24. Nc3 Bxc3 25. bxc3 Qg7 26. Rc1 h6 27. Bh4 Rxc3 28.
Rxc3 Nxc3 29. Bh5 Bd5 30. Qd6 e3 31. Rg1 Ba8 32. h3 Ne4 33. Qe6 Rg8 34. Bf3 Qg6
35. Qe5+ Kh7 36. Kh2 Bc6 37. Rc1 Bd7 38. Rc7 Rg7 39. Rxa7 Nd2 40. Bd5 Ne4 41. g4
Nd2 42. Bf6 fxg4 43. hxg4 Qc2 44. Qf5+ Qxf5 45. gxf5 e2 46. Bxg7 e1=Q 47. Rxd7
Qh4+ 48. Kg1 Qg3+ 49. Kh1 Qh3+ 50. Kg1 Qf1+ 51. Kh2 Qxf4+ 52. Kh1 Qf1+ 53. Kh2
Qxf5 54. Bc6 Nf3+ 55. Kg3 Qg6+ 0-1

[Event "26th Sigeman & Co 2021"]
[Site "Malmo SWE"]
[Date "2021.09.24"]
[Round "2.1"]
[White "Short, Nigel D"]
[Black "Grandelius, Nils"]
[Result "1/2-1/2"]
[WhiteTitle "GM"]
[BlackTitle "GM"]
[WhiteElo "2626"]
[BlackElo "2666"]
[WhiteFideId "400025"]
[BlackFideId "1710400"]
[EventDate "2021.09.23"]

1. e4 c5 2. Nf3 d6 3. d4 cxd4 4. Nxd4 Nf6 5. Nc3 a6 6. g3 e5 7. Nb3 Be7 8. Bg2
O-O 9. O-O Be6 10. f4 Nbd7 11. f5 Bc4 12. Re1 Rc8 13. Nd2 b5 14. a3 d5 15. Nxc4
dxc4 16. Kh1 Qb6 17. g4 h6 18. Qf3 a5 19. h4 b4 20. axb4 axb4 21. Na4 Qc6 22. g5
hxg5 23. hxg5 Nh7 24. Qg3 Ra8 25. b3 Nc5 26. g6 Nf6 27. Qh4 Nxa4 28. Bg5 Rfd8
29. bxa4 Rxa4 30. Rad1 Rxd1 31. Rxd1 Ra8 32. Kh2 fxg6 33. fxg6 Ng4+ 34. Qxg4
Qxg6 35. Bf1 Qxg5 36. Bxc4+ Kh7 37. Kg3 Qxg4+ 38. Kxg4 Rf8 39. Rf1 Rxf1 40. Bxf1
Kg6 1/2-1/2

[Event "26th Sigeman & Co 2021"]
[Site "Malmo SWE"]
[Date "2021.09.24"]
[Round "2.2"]
[White "Keymer, Vincent"]
[Black "Bjerre, Jonas Buhl"]
[Result "1/2-1/2"]
[WhiteTitle "GM"]
[BlackTitle "GM"]
[WhiteElo "2607"]
[BlackElo "2550"]
[WhiteFideId "12940690"]
[BlackFideId "1444948"]
[EventDate "2021.09.23"]

1. Nf3 c5 2. c4 Nc6 3. Nc3 Nf6 4. g3 d5 5. d4 cxd4 6. Nxd4 dxc4 7. Nxc6 Qxd1+ 8.
Nxd1 bxc6 9. Bd2 Rb8 10. Rc1 Ne4 11. Be3 e5 12. Bg2 Bb4+ 13. Kf1 f5 14. f3 Nd6
15. a3 Ba5 16. Bxa7 Rb3 17. f4 e4 18. Kf2 Be6 19. Ne3 Rxb2 20. Bd4 Rb3 21. Rhd1
O-O 22. a4 Rd8 23. Bc5 Nb7 24. Rxd8+ Bxd8 25. Bd4 Na5 26. Bh3 g6 27. g4 Bh4+ 28.
Kf1 Bf6 29. Bxf6 Rxe3 30. gxf5 gxf5 31. Rc3 Rxc3 32. Bxc3 Nb3 33. Bb4 c5 34. Bc3
Kf7 35. a5 Nd4 36. Ke1 Ke7 37. e3 Nc6 38. Bf1 Kd7 39. Be2 Kc7 40. Bh5 Kb7 41.
Be8 Nb4 42. Bb5 Nc2+ 43. Ke2 Na3 44. Be8 Nb1 45. Be1 c3 46. Kd1 Na3 47. Bxc3 Nc4
48. Ke2 Ka6 49. h4 Nxa5 50. Bf6 Nb7 51. Be7 Kb6 52. h5 Kc7 53. h6 Nd6 54. Bg6
Nf7 55. Bxh7 Nxh6 56. Bf8 Bg8 57. Bg6 Bf7 1/2-1/2

[Event "26th Sigeman & Co 2021"]
[Site "Malmo SWE"]
[Date "2021.09.24"]
[Round "2.3"]
[White "Nihal, Sarin"]
[Black "Van Foreest, Jorden"]
[Result "1/2-1/2"]
[WhiteTitle "GM"]
[BlackTitle "GM"]
[WhiteElo "2652"]
[BlackElo "2691"]
[WhiteFideId "25092340"]
[BlackFideId "1039784"]
[EventDate "2021.09.23"]

1. Nf3 d5 2. g3 g6 3. Bg2 Bg7 4. O-O Nf6 5. d4 O-O 6. c3 c5 7. dxc5 a5 8. c4 Na6
9. Nc3 dxc4 10. Be3 Qc7 11. Qa4 Ng4 12. Nd5 Qd8 13. Qxc4 Nxe3 14. Nxe3 Be6 15.
Qh4 Nxc5 16. Ng5 h6 17. Nxe6 Nxe6 18. Nd5 Nd4 19. Nxe7+ Kh8 20. e3 Re8 21. Nd5
Qxh4 22. gxh4 Ne6 23. Rac1 Rac8 24. b3 Bb2 25. Rxc8 Rxc8 26. Be4 Nc5 27. Bb1 Rd8
28. Rd1 h5 29. Kg2 Kg7 30. f4 Na6 31. Nc3 Rxd1 32. Nxd1 Bf6 33. Kg3 Nb4 34. a4
Nd5 35. Bd3 Nc3 36. Nf2 Be7 37. e4 Bc5 38. Kf3 Be7 39. Kg3 Bc5 40. Nh3 f6 41.
Kf3 Bd4 42. f5 gxf5 43. exf5 Kh6 44. Nf4 Be5 45. h3 b6 46. Bc4 Bd6 47. Bf7 b5
48. axb5 Nxb5 49. Nxh5 Nd4+ 50. Ke4 Nxb3 51. Nxf6 Kg7 52. Ne8+ Kxf7 53. Nxd6+
Kf6 54. h5 Nc5+ 55. Kf4 Nd3+ 56. Ke3 Ne5 57. Kf4 Nd3+ 58. Ke3 Ne5 59. Kf4 1/2-1/2

[Event "26th Sigeman & Co 2021"]
[Site "Malmo SWE"]
[Date "2021.09.24"]
[Round "2.4"]
[White "Bacrot, Etienne"]
[Black "Jones, Gawain C B"]
[Result "1/2-1/2"]
[WhiteTitle "GM"]
[BlackTitle "GM"]
[WhiteElo "2658"]
[BlackElo "2684"]
[WhiteFideId "605506"]
[BlackFideId "409561"]
[EventDate "2021.09.23"]

1. d4 Nf6 2. c4 g6 3. h4 Bg7 4. Nc3 d6 5. e4 c5 6. d5 O-O 7. Be2 e6 8. h5 exd5
9. h6 Bh8 10. exd5 Re8 11. Bg5 Qb6 12. b3 Ne4 13. Nxe4 Rxe4 14. Kf1 Re8 15. Rc1
Nd7 16. Bd2 Qd8 17. Nf3 Nf6 18. Ng5 Ne4 19. Nxe4 Rxe4 20. g3 Bd4 21. Bf3 Qf6 22.
Bg5 Qxg5 23. Bxe4 Bg4 24. f4 Qe7 25. Qd3 Re8 26. Bf3 Qe3 27. Qxe3 Bxe3 28. Bxg4
Bxc1 29. Rh2 f5 30. Re2 Rxe2 31. Bxe2 g5 32. fxg5 Bxg5 33. Bd3 f4 34. gxf4 Bxf4
35. Kf2 Bxh6 36. Kf3 Kg7 37. Bf5 Bc1 38. Bc8 b6 39. a4 Kf6 40. Ke4 a5 1/2-1/2

[Event "26th Sigeman & Co 2021"]
[Site "Malmo SWE"]
[Date "2021.09.25"]
[Round "3.1"]
[White "Grandelius, Nils"]
[Black "Bacrot, Etienne"]
[Result "0-1"]
[WhiteTitle "GM"]
[BlackTitle "GM"]
[WhiteElo "2666"]
[BlackElo "2658"]
[WhiteFideId "1710400"]
[BlackFideId "605506"]
[EventDate "2021.09.23"]

1. d4 d5 2. c4 c6 3. cxd5 cxd5 4. Bf4 Nc6 5. e3 Nf6 6. Bb5 e6 7. Nc3 Be7 8. Nf3
O-O 9. O-O Bd7 10. h3 Qb6 11. Qe2 Nb4 12. Bxd7 Nxd7 13. a3 Nc6 14. b4 a6 15. Na4
Qa7 16. Nc5 Nxc5 17. dxc5 b6 18. cxb6 Qxb6 19. Rac1 Rfc8 20. Rc2 Na7 21. Rfc1
Rxc2 22. Rxc2 a5 23. Bc7 Qb7 24. bxa5 Nc6 25. Ne5 Nxa5 26. a4 Rc8 27. Qb5 Qxb5
28. axb5 Bd6 29. b6 Bxe5 30. Ra2 Bxc7 31. bxc7 Nc4 0-1

[Event "26th Sigeman & Co 2021"]
[Site "Malmo SWE"]
[Date "2021.09.25"]
[Round "3.2"]
[White "Van Foreest, Jorden"]
[Black "Short, Nigel D"]
[Result "1-0"]
[WhiteTitle "GM"]
[BlackTitle "GM"]
[WhiteElo "2691"]
[BlackElo "2626"]
[WhiteFideId "1039784"]
[BlackFideId "400025"]
[EventDate "2021.09.23"]

1. e4 e5 2. Nf3 Nc6 3. d4 exd4 4. Nxd4 Nf6 5. Nxc6 bxc6 6. e5 Qe7 7. Qe2 Nd5 8.
c4 Nb6 9. Nc3 a5 10. f4 g6 11. Be3 Ba6 12. Bxb6 cxb6 13. O-O-O Bh6 14. g3 O-O
15. h4 Rae8 16. Kb1 f6 17. h5 g5 18. Ne4 fxe5 19. fxg5 Bxg5 20. Qg4 h6 21. Rd6
Kh8 22. Bd3 Bc8 23. Rd1 Rg8 24. Nxg5 Qxg5 25. Qe4 Rg7 26. Rf1 Kg8 27. c5 b5 28.
a4 Ba6 29. Rg6 Rxg6 30. hxg6 Qe7 31. Rf7 Qe6 32. Qh4 b4 33. Bc2 b3 34. Qxh6
bxc2+ 35. Kc1 Qxf7 36. gxf7+ Kxf7 37. Qh5+ Kf8 38. Qf5+ Kg7 39. Qxd7+ Kf8 40.
Qxc6 Bc8 41. Qe4 Kg7 42. Kxc2 Kf6 43. Qc6+ Kf7 44. Qc7+ Kf6 45. Qxa5 e4 46. Qc3+
Kg6 47. Qe3 Rf8 48. Kd2 Bb7 49. Qd4 Rf3 50. b4 Rd3+ 51. Qxd3 exd3 52. b5 Be4 53.
c6 Kf6 54. a5 Ke7 55. a6 Kd6 56. a7 Bxc6 57. bxc6 1-0

[Event "26th Sigeman & Co 2021"]
[Site "Malmo SWE"]
[Date "2021.09.25"]
[Round "3.3"]
[White "Bjerre, Jonas Buhl"]
[Black "Nihal, Sarin"]
[Result "1/2-1/2"]
[WhiteTitle "GM"]
[BlackTitle "GM"]
[WhiteElo "2550"]
[BlackElo "2652"]
[WhiteFideId "1444948"]
[BlackFideId "25092340"]
[EventDate "2021.09.23"]

1. e4 c5 2. Nf3 Nc6 3. d4 cxd4 4. Nxd4 Nf6 5. Nc3 e5 6. Ndb5 d6 7. Bg5 a6 8. Na3
b5 9. Nd5 Be7 10. Bxf6 Bxf6 11. c3 Bg5 12. Nc2 Rb8 13. Be2 O-O 14. O-O Ne7 15.
Ncb4 Nxd5 16. Nxd5 Be6 17. Qd3 g6 18. a4 bxa4 19. Nb4 Qb6 20. Nxa6 a3 21. b3
Rbc8 22. Rxa3 f5 23. Nb4 fxe4 24. Qxe4 Rf4 25. Qd3 e4 26. Qd4 Qxd4 27. cxd4 e3
28. fxe3 Re4 29. Bf3 Bxe3+ 30. Kh1 Rf4 31. Ra6 Bxb3 32. Rxd6 Rxd4 33. Rxd4 Bxd4
34. Bd5+ 1/2-1/2

[Event "26th Sigeman & Co 2021"]
[Site "Malmo SWE"]
[Date "2021.09.25"]
[Round "3.4"]
[White "Jones, Gawain C B"]
[Black "Keymer, Vincent"]
[Result "1/2-1/2"]
[WhiteTitle "GM"]
[BlackTitle "GM"]
[WhiteElo "2684"]
[BlackElo "2607"]
[WhiteFideId "409561"]
[BlackFideId "12940690"]
[EventDate "2021.09.23"]

1. e4 c6 2. Nc3 d5 3. Nf3 dxe4 4. Nxe4 Nf6 5. Qe2 Nxe4 6. Qxe4 Nd7 7. d4 Nf6 8.
Qd3 g6 9. Be2 Bg7 10. O-O O-O 11. Re1 a5 12. Qa3 Bf5 13. c3 Nd5 14. Bg5 Re8 15.
Bf1 Bf8 16. Qa4 Qb6 17. c4 Nb4 18. Re2 h6 19. Bf4 Nd3 20. Bg3 Nxb2 21. Qb3 Qxb3
22. axb3 Nd3 23. Rea2 Red8 24. Bc7 Rd7 25. Rxa5 Rxa5 26. Bxa5 Bg7 27. Bb6 g5 28.
h4 g4 29. Bxd3 Bxd3 30. Ra8+ Kh7 31. Ne5 Bxe5 32. dxe5 Kg6 33. e6 fxe6 34. Rg8+
Kh7 35. Rxg4 e5 36. Rg3 Bf5 37. Kh2 Rd3 38. h5 Rxg3 39. Kxg3 Kg7 40. Be3 b5 41.
c5 Bc2 42. b4 Bd1 43. Kh4 e4 44. Bd4+ Kg8 45. g4 Kh7 46. Kg3 Bb3 47. Kf4 Be6 48.
Be5 Kg8 49. Bc7 Kg7 50. Kg3 Bb3 51. Kh3 Bc4 52. Bg3 Bf1+ 53. Kh2 Be2 54. Be5+
Kg8 55. Kg3 Bc4 56. Kf4 Be6 57. Bc3 Kh7 58. Bd2 Kg7 59. Be3 Kh7 60. g5 hxg5+ 61.
Ke5 Bd5 62. Bxg5 e6 63. Kf6 Bc4 64. Be3 Bd5 65. Bc1 1/2-1/2

[Event "26th Sigeman & Co 2021"]
[Site "Malmo SWE"]
[Date "2021.09.26"]
[Round "4.1"]
[White "Short, Nigel D"]
[Black "Bjerre, Jonas Buhl"]
[Result "1-0"]
[WhiteTitle "GM"]
[BlackTitle "GM"]
[WhiteElo "2626"]
[BlackElo "2550"]
[WhiteFideId "400025"]
[BlackFideId "1444948"]
[EventDate "2021.09.23"]

1. e4 c5 2. Nc3 d6 3. f4 g6 4. Nf3 Bg7 5. Bb5+ Bd7 6. a4 Nc6 7. O-O e6 8. f5 Nf6
9. fxe6 Bxe6 10. d4 cxd4 11. Nxd4 O-O 12. Bxc6 bxc6 13. Bg5 h6 14. Bh4 g5 15.
Nxe6 fxe6 16. Bf2 Qb8 17. e5 dxe5 18. Bc5 Rf7 19. Qd3 e4 20. Nxe4 Qe5 21. Nxf6+
Rxf6 22. b4 a5 23. Rae1 Rxf1+ 24. Qxf1 Qc3 25. Rxe6 axb4 26. Qf5 Rd8 27. h3 g4
28. hxg4 Qxc5+ 29. Qxc5 Bd4+ 30. Qxd4 Rxd4 31. Rxc6 Rd1+ 32. Kh2 Ra1 33. Rc4
Rxa4 34. c3 Ra3 35. cxb4 Rb3 36. g5 hxg5 37. Re4 Kf7 38. g4 Rf3 39. Kg2 Rf6 40.
b5 Rd6 41. Rb4 Ke6 42. b6 Rd8 43. Rb5 Rg8 44. b7 Rb8 45. Kf3 Kd6 46. Ke4 1-0

[Event "26th Sigeman & Co 2021"]
[Site "Malmo SWE"]
[Date "2021.09.26"]
[Round "4.2"]
[White "Grandelius, Nils"]
[Black "Van Foreest, Jorden"]
[Result "1/2-1/2"]
[WhiteTitle "GM"]
[BlackTitle "GM"]
[WhiteElo "2666"]
[BlackElo "2691"]
[WhiteFideId "1710400"]
[BlackFideId "1039784"]
[EventDate "2021.09.23"]

1. d4 e6 2. Nf3 Nf6 3. c4 d5 4. g3 dxc4 5. Bg2 Nc6 6. Qa4 Bb4+ 7. Bd2 Nd5 8.
Bxb4 Nxb4 9. O-O Rb8 10. Nc3 a6 11. Ne5 O-O 12. Nxc6 Nxc6 13. Bxc6 bxc6 14. Qxc4
Qd6 15. b3 Rb4 16. Ne4 Rxc4 17. Nxd6 Rxd4 18. Nxc8 Rxc8 19. Rfc1 a5 20. Rxc6 a4
21. Rac1 g6 22. bxa4 Rxa4 23. Rxc7 Rxc7 24. Rxc7 Rxa2 25. e3 h5 26. h4 Kg7 27.
Kg2 Rb2 28. Ra7 Rc2 29. Ra5 Rb2 30. Ra4 Rc2 1/2-1/2

[Event "26th Sigeman & Co 2021"]
[Site "Malmo SWE"]
[Date "2021.09.26"]
[Round "4.3"]
[White "Nihal, Sarin"]
[Black "Jones, Gawain C B"]
[Result "1-0"]
[WhiteTitle "GM"]
[BlackTitle "GM"]
[WhiteElo "2652"]
[BlackElo "2684"]
[WhiteFideId "25092340"]
[BlackFideId "409561"]
[EventDate "2021.09.23"]

1. e4 e5 2. Nf3 Nc6 3. Bb5 Nf6 4. d3 Bc5 5. Bxc6 dxc6 6. Nbd2 Nd7 7. Nc4 f6 8.
c3 O-O 9. O-O Nb6 10. Na5 Kh8 11. Re1 Rb8 12. h3 Be6 13. b4 Bd6 14. Be3 Nc8 15.
a3 Qd7 16. Qe2 b6 17. Nc4 Ne7 18. Rad1 Ng6 19. d4 Qf7 20. Nxd6 cxd6 21. dxe5 Bc4
22. Qd2 Nxe5 23. Qxd6 Nxf3+ 24. gxf3 Qh5 25. Qg3 Rbd8 26. Kh2 Be6 27. Rg1 Qf7
28. Rd6 Rxd6 29. Qxd6 Rc8 30. Qg3 Rd8 31. Bd4 Rc8 32. Be3 Qc7 33. f4 Rd8 34. Bd4
Rd7 35. f5 Qxg3+ 36. Kxg3 Bc4 37. Kf4 Rf7 38. a4 Rc7 39. a5 bxa5 40. bxa5 c5 41.
Be3 Kg8 42. Rd1 Kf7 43. h4 Ke8 44. Rd6 Bf7 45. e5 fxe5+ 46. Kxe5 Re7+ 47. Kf4
Rc7 48. f6 gxf6 49. Rxf6 Bc4 50. Rh6 Bd3 51. Ke5 Bb5 52. Kd5 c4 53. Bd4 Rf7 54.
Bf6 Kd7 55. f4 Ke8 56. Be5 Kd8 57. a6 Rd7+ 58. Kc5 Ba4 59. Kxc4 Bd1 60. Kb4 Be2
61. c4 Ke8 62. Rc6 Rd1 63. Rc8+ Kd7 64. Rc7+ Ke6 65. Rxa7 Rb1+ 66. Kc3 h5 67.
Rg7 Bf3 68. a7 Ra1 69. Kd4 Rd1+ 70. Ke3 1-0

[Event "26th Sigeman & Co 2021"]
[Site "Malmo SWE"]
[Date "2021.09.26"]
[Round "4.4"]
[White "Bacrot, Etienne"]
[Black "Keymer, Vincent"]
[Result "1/2-1/2"]
[WhiteTitle "GM"]
[BlackTitle "GM"]
[WhiteElo "2658"]
[BlackElo "2607"]
[WhiteFideId "605506"]
[BlackFideId "12940690"]
[EventDate "2021.09.23"]

1. Nf3 d5 2. g3 Bg4 3. Bg2 c6 4. h3 Bh5 5. c4 e6 6. O-O Nf6 7. d3 dxc4 8. dxc4
Nbd7 9. Bf4 h6 10. Nc3 g5 11. Be3 Bg7 12. Qb3 Qc7 13. Qa3 Bf8 14. Qb3 Bg6 15.
Rfd1 Be7 16. Nd2 O-O 17. Nde4 Nxe4 18. Nxe4 Rfd8 19. Rac1 Nf6 20. Nc5 b6 21. Na6
Qb7 22. Nc5 Qc7 23. Na6 Qb7 24. Nc5 1/2-1/2

[Event "26th Sigeman & Co 2021"]
[Site "Malmo SWE"]
[Date "2021.09.27"]
[Round "5.1"]
[White "Van Foreest, Jorden"]
[Black "Bacrot, Etienne"]
[Result "1-0"]
[WhiteTitle "GM"]
[BlackTitle "GM"]
[WhiteElo "2691"]
[BlackElo "2658"]
[WhiteFideId "1039784"]
[BlackFideId "605506"]
[EventDate "2021.09.23"]

1. e4 e6 2. d4 d5 3. Nc3 Nf6 4. e5 Nfd7 5. f4 c5 6. Nf3 Nc6 7. Be3 a6 8. a3 cxd4
9. Nxd4 Bc5 10. Qd2 O-O 11. Be2 Qc7 12. O-O b5 13. Bf3 Nxd4 14. Bxd4 Bxd4+ 15.
Qxd4 Bb7 16. Be2 Qc5 17. Rad1 Rfc8 18. Qxc5 Nxc5 19. h4 Rab8 20. h5 Ba8 21. Rd4
f6 22. Bg4 f5 23. Be2 Kf7 24. Kf2 Nd7 25. Ke3 Nb6 26. Bd3 g6 27. Rh1 Rg8 28.
hxg6+ hxg6 29. b3 Nc8 30. a4 Na7 31. axb5 axb5 32. Ra1 Nc6 33. Nxb5 g5 34. Nd6+
Ke7 35. g3 gxf4+ 36. gxf4 Rg2 37. Rh1 Rbg8 38. Rh3 Nxd4 39. Kxd4 R2g3 40. Rh5
R3g4 41. Kc5 Kf8 42. b4 Kg7 43. b5 Rxf4 44. Rg5+ Kh7 45. Rxg8 Kxg8 46. Ne8 Kf7
47. Nc7 Bb7 48. Kd6 Bc8 49. b6 Rb4 50. Nb5 Kf8 51. Kc5 Ra4 52. Nd6 Ra8 53. Nxc8
Rxc8+ 54. Kd6 Rd8+ 55. Kc7 Ke7 56. b7 Rd7+ 57. Kb6 Rd8 58. Bb5 1-0

[Event "26th Sigeman & Co 2021"]
[Site "Malmo SWE"]
[Date "2021.09.27"]
[Round "5.2"]
[White "Bjerre, Jonas Buhl"]
[Black "Grandelius, Nils"]
[Result "0-1"]
[WhiteTitle "GM"]
[BlackTitle "GM"]
[WhiteElo "2550"]
[BlackElo "2666"]
[WhiteFideId "1444948"]
[BlackFideId "1710400"]
[EventDate "2021.09.23"]

1. e4 e5 2. Nf3 Nc6 3. Bb5 a6 4. Ba4 Nf6 5. O-O Nxe4 6. d4 b5 7. Bb3 d5 8. dxe5
Be6 9. c3 Bc5 10. Nbd2 O-O 11. Bc2 Nxf2 12. Rxf2 Bxf2+ 13. Kxf2 f6 14. Kg1 fxe5
15. Nf1 Qd7 16. Be3 Bg4 17. Bb3 Bxf3 18. gxf3 Ne7 19. Bc5 c6 20. Qe2 Rf6 21.
Qxe5 Ng6 22. Qg3 Nf4 23. Kh1 Nd3 24. Bg1 Rg6 25. Qh4 Rf8 26. Bc2 Rf4 27. Qh5 Rf5
28. Qh4 Rxf3 29. Ng3 Rh6 30. Qg5 Nf2+ 31. Kg2 Ne4 32. Bxe4 dxe4 33. Kh1 e3 34.
Qe5 Re6 35. Qd4 Qxd4 36. cxd4 e2 37. Re1 Rd3 38. Kg2 Rd2 39. b4 Rxa2 40. Kf3 Rb2
41. Ne4 Rxb4 42. Nc5 Rb1 43. Bf2 Rf6+ 44. Ke3 Rxe1 45. Bxe1 Rh6 46. Nxa6 Rxh2
47. Nb4 Rh6 48. Kxe2 Re6+ 49. Kf2 Kf7 50. Bd2 Kf6 51. Kf3 g5 52. Kg4 h6 53. Nd3
Re4+ 54. Kf3 Kf5 55. Be3 g4+ 0-1

[Event "26th Sigeman & Co 2021"]
[Site "Malmo SWE"]
[Date "2021.09.27"]
[Round "5.3"]
[White "Jones, Gawain C B"]
[Black "Short, Nigel D"]
[Result "1/2-1/2"]
[WhiteTitle "GM"]
[BlackTitle "GM"]
[WhiteElo "2684"]
[BlackElo "2626"]
[WhiteFideId "409561"]
[BlackFideId "400025"]
[EventDate "2021.09.23"]

1. e4 e6 2. d4 d5 3. e5 c5 4. c3 Nc6 5. Nf3 Nge7 6. Be2 Nf5 7. Bd3 cxd4 8. Bxf5
exf5 9. cxd4 Be6 10. Nc3 Be7 11. h4 h6 12. Ne2 Qd7 13. Bd2 O-O-O 14. Rb1 g5 15.
b4 b5 16. a4 a6 17. axb5 axb5 18. Ra1 Qb7 19. g3 Kb8 20. Qb1 Rc8 21. Bc3 Rhg8
22. Rh2 Na7 23. Kf1 Rc7 24. hxg5 hxg5 25. Nd2 Qc8 26. Nb3 Rxc3 27. Nxc3 Qxc3 28.
Qa2 Qc7 29. Qa3 Rc8 30. Kg2 Qb6 31. Rhh1 f4 32. Ra2 fxg3 33. f3 g4 34. fxg4 Bxg4
35. Rha1 Rc7 36. Nc5 Bxc5 37. bxc5 Qg6 38. Qxg3 Bf5 39. Ra6 Qxg3+ 40. Kxg3 Bd3
41. Rh1 Rc6 42. Rh8+ Kb7 43. Ra3 Bc4 44. Rh7 Nc8 45. Rxf7+ Rc7 46. Rf6 b4 47.
Ra4 b3 48. Rb4+ Ka7 49. e6 Ne7 50. Rf7 Ka6 51. c6 Ka5 52. Rb7 Bb5 53. Rf3 Nf5+
54. Kg4 b2 55. Rb3 Nxd4 56. Rxb2 Rxc6 57. e7 Re6 58. Ra2+ Kb4 59. Ra8 Kc5 60.
Rxb5+ Nxb5 61. e8=Q Rxe8 1/2-1/2

[Event "26th Sigeman & Co 2021"]
[Site "Malmo SWE"]
[Date "2021.09.27"]
[Round "5.4"]
[White "Keymer, Vincent"]
[Black "Nihal, Sarin"]
[Result "1-0"]
[WhiteTitle "GM"]
[BlackTitle "GM"]
[WhiteElo "2607"]
[BlackElo "2652"]
[WhiteFideId "12940690"]
[BlackFideId "25092340"]
[EventDate "2021.09.23"]

1. d4 Nf6 2. c4 e6 3. Nf3 b6 4. g3 Bb7 5. Bg2 Bb4+ 6. Bd2 c5 7. d5 exd5 8. Nh4
O-O 9. O-O Bxd2 10. Qxd2 Ne4 11. Qc2 Re8 12. Nc3 Nxc3 13. bxc3 d6 14. Rad1 Nd7
15. Nf5 Nf6 16. cxd5 Bc8 17. Rfe1 Bxf5 18. Qxf5 b5 19. e4 Nd7 20. Rb1 Rb8 21.
Bf1 b4 22. c4 g6 23. Qh3 Nb6 24. Rb3 Qf6 25. Qg4 Re7 26. Qd1 Rbe8 27. Rbe3 a5
28. Kg2 Qb2 29. R1e2 Qd4 30. Rd2 Qg7 31. Bd3 a4 32. Qc2 a3 33. Rde2 Qd4 34. h4
Nd7 35. Rd2 Qg7 36. Rde2 Qd4 37. Rd2 Qg7 38. Rde2 Ne5 39. Re1 h5 40. R3e2 Qf6
41. Re3 Ng4 42. R3e2 Kg7 43. Rd2 Rb8 44. f3 Nh6 45. Rde2 Rbe8 46. Qb3 g5 47.
hxg5 Qxg5 48. f4 Qf6 49. Rh1 Qd4 50. Rxh5 f5 51. Rg5+ Kf8 52. Bc2 Rxe4 53. Bxe4
Rxe4 54. Qf3 Rxe2+ 55. Qxe2 Qe4+ 56. Qxe4 fxe4 57. Rg6 Nf7 58. Re6 b3 59. Rxe4
b2 60. Re1 Nh6 61. g4 Nxg4 62. Kf3 Nh6 63. Ke4 Kf7 64. Kd3 Nf5 65. Kc2 Kf6 66.
Kb1 Ng3 67. Re3 Nf1 68. Rxa3 Nd2+ 69. Kxb2 Nxc4+ 70. Kb3 Ne3 71. Ra7 Nxd5 72. a4
Nxf4 73. a5 Ke5 74. a6 Kd4 75. Rb7 1-0